Central Library OPAC University of Rajshahi

العرب والفلسفة اليونانية ;; alearab walfalsafat alyunania / (Record no. 78372)

MARC details
000 -LEADER
fixed length control field 00796aaa a2200217 a 4500
001 - CONTROL NUMBER
control field 78372
003 - CONTROL NUMBER IDENTIFIER
rucl marc code BD-RjUL
005 - DATE AND TIME OF LATEST TRANSACTION
control field 20211209083125.0
008 - FIXED-LENGTH DATA ELEMENTS--GENERAL INFORMATION
fixed length control field 210914s19601380sw ||||| |||| 00| 0 ara d
035 ## - SYSTEM CONTROL NUMBER
System control number (BD-RjUL)78598
040 ## - CATALOGING SOURCE
Original cataloging agency BD-RjUL
Language of cataloging eng
Transcribing agency BD-RjUL
041 ## - LANGUAGE CODE
Language code of text/sound track or separate title ara
082 ## - DEWEY DECIMAL CLASSIFICATION NUMBER
Edition number 23
Classification number 181.9
Author mark and year 1960
100 ## - MAIN ENTRY--PERSONAL NAME
Personal name فروخ، عمر، -;; Farroukh, Omar,
Dates associated with a name 1906 ;; ١٩٠٦
9 (RLIN) 245188
245 ## - TITLE STATEMENT
Title العرب والفلسفة اليونانية ;; alearab walfalsafat alyunania /
Statement of responsibility, etc. عمر فروخ;; Omar Farroukh
260 ## - PUBLICATION, DISTRIBUTION, ETC. (IMPRINT)
Name of publisher, distributor, etc. المكتب التجاري للطباعة والتوزيع والنشر، ;; almaktab altijariu liltibaeat waltawzie walnashri,
300 ## - PHYSICAL DESCRIPTION
Pagination 181 p. ;
Size 20 cm.
500 ## - GENERAL NOTE
General note Includes Index
650 ## - SUBJECT ADDED ENTRY--TOPICAL TERM
Topical term or geographic name as entry element Arab And Greek Philosophy
9 (RLIN) 247859
942 ## - ADDED ENTRY ELEMENTS (KOHA)
Source of classification or shelving scheme Dewey Decimal Classification
Koha item type Books
Holdings
Lost status Source of classification or shelving scheme Damaged status Not for loan Collection code Permanent Location Current Location Shelving location Date acquired Total Checkouts Full call number Date last seen Copy number Koha item type
  Dewey Decimal Classification   Not For Loan Non-fiction Central Library, University of Rajshahi Central Library, University of Rajshahi Reading Room 14/09/2021   A 181.9 FAA 1960 14/09/2021 C-1 Books
  Dewey Decimal Classification     Non-fiction Central Library, University of Rajshahi Central Library, University of Rajshahi   14/09/2021   A 181.9 FAA 1960 14/09/2021 C-2 Books